| 000 | 00775nam a2200181 i 4500 | ||
|---|---|---|---|
| 001 | 163700 | ||
| 003 | ES-MaACL | ||
| 005 | 20230906212807.0 | ||
| 008 | 050719s1894 ii | |||||||| ||eng d | ||
| 040 |
_aCAM _bspa _cCAM |
||
| 100 | 1 |
_aRodgers, Chas. J. _9131919 |
|
| 245 | 1 | 0 |
_aCatalogue of the coins collected by Chas. J. Rodgers and purchased by the government of the Panjab / _ccompiled by Chas. J. Rodgers. |
| 260 |
_aCalcutta : _bPanjáb Government, _c1894 ( _fprinted at the Baptist Mission Press) |
||
| 300 |
_a2 v. ; _c25 cm. |
||
| 505 | 8 | _aPart II: Miscellaneous Muhammadan coins (VI, 220 p.) | |
| 650 | 4 |
_aMonedas- _vCatálogos. _9136528 |
|
| 852 |
_aES-MaACL _jT-825-F-3 _z-- Enc. hol. conservando la cub. original _q-- Sólo part II _z-- Enc. en un vol. facticio |
||
| 999 |
_c163700 _d163700 |
||